000 00454nam a2200181Ia 4500
001 3141
005 20260306144859.0
008 260306t2008||||xx |||||||||||||| ||spa||
041 _aESP
082 _a261.2
_bC235
100 _aCencini, Amedeo
_eAUT
245 0 _aLa verdad de la vida:
_bformación continua de la mente creyente
260 _c2008
300 _a621 páginas :
_c22 cm.
650 _aGEN
654 _aCHU
942 _cLIB
_dJUS
_fJUS
_2ddc
_n
999 _c3141
_d3141